Human Rights in Bangladesh (Registro nro. 167782)

Detalles MARC
000 -LEADER
fixed length control field 02215nam a22002537a 4500
007 - PHYSICAL DESCRIPTION FIXED FIELD--GENERAL INFORMATION
fixed length control field cr|||| ||||
008 - FIXED-LENGTH DATA ELEMENTS--GENERAL INFORMATION
fixed length control field 190917s2019 bd |||||s|||| 00||0 eng d
020 ## - INTERNATIONAL STANDARD BOOK NUMBER
International Standard Book Number 9786139448197
035 ## -
-- 25399
040 ## - CATALOGING SOURCE
Original cataloging agency vLex
090 ## -
-- 9545
-- 9545
100 1# - MAIN ENTRY--PERSONAL NAME
Personal name Yahyea, Khalid
245 10 - TITLE STATEMENT
Title Human Rights in Bangladesh
Medium [Recurso electrónico] :
Remainder of title Special Focus on Right to Life and Liberty /
Statement of responsibility, etc Khalid Yahyea
256 ## -
-- Servicio en línea
260 ## - PUBLICATION, DISTRIBUTION, ETC. (IMPRINT)
Place of publication, distribution, etc Daca:
Name of publisher, distributor, etc Lambert Academic Publishing,
Date of publication, distribution, etc 2019
300 ## - PHYSICAL DESCRIPTION
Extent 1 recurso electrónico
500 ## - GENERAL NOTE
General note Under international human rights treaties States are responsible to ensure respect for, and full enjoyment of, human rights to all citizens of respective States. Bangladesh has ratified the International Covenant on Civil and Political Rights (ICCPR) in 2000 and also all major international human rights treaties. However, it has never taken initiatives to submit reports to the concerned UN treaty bodies of ICCPR, ICESCR and CAT although all States Parties are under an obligation to submit their country reports within one year of its entry into force. Nevertheless, due to lack of political willingness and commitment, democratic norms,institutions and civil liberties have not been institutionalized in Bangladesh. People cannot exercise their democratic rights,civil liberties freely without restriction which are guaranteed by the Constitution. Still there are significant debates regarding the effectiveness of functions of executive, legislative and judicial authority, lack of political and administrative accountability and transparency. All these issues are the reasons for severe abuse and violation of human rights,the rule of rule of law and lack of equal access to justice.
506 1# - RESTRICTIONS ON ACCESS NOTE
Terms governing access Disponible solo en los productos indicados
Authorized users vLex Global
-- vLex Global (Academic Edition, excluding Law Schools)
-- vLex Global (U.S. Academic Edition, Law Schools)
-- vLex Global (U.S. Academic Edition, excluding Law Schools)
-- vLex Global (Academic Edition, Law Schools)
650 04 - SUBJECT ADDED ENTRY--TOPICAL TERM
Topical term or geographic name as entry element Derechos Humanos
Geographic subdivision Bangladesh
740 0# -
-- vLex Libros (Servicio en línea)
856 40 - LOCALIZACIÓN Y ACCESO ELECTRÓNICO
Identificador Uniforme del Recurso (URI/URL) https://app.vlex.com/#/sources/25399
942 ## -
-- RAA
999 ## -
-- 167782
-- 167782

No hay ítems disponibles.


CONTACTO


NOSOTROS


SITIOS DE INTERES

coordinacion.biblioteca.biblioteca@unienlinea.mx Misión, Visión y Objetivos Bases de datos
Directorio Bibliotecas Digitales y Repositorios
Normatividad Revistas y artículos
Convenios interbibliotecarios
Boletines



Hecho en México. Universidad Insurgentes (UIN). Todos los derechos reservados 2024. Esta página y sus contenidos pueden ser reproducidos con fines no lucrativos, siempre y cuando no se mutile, se cite la fuente completa y su dirección electrónicas. De otra forma requiere permiso previo por escrito de la institución




2024 Copyright Universidad Insurgentes | www.bibliouin.com.mx